قواعد الفهرسة الأنجلو - أمريكية / (رقم التسجيلة. 114677)

تفاصيل مارك
000 -LEADER
fixed length control field 00728nam a22002057a 4500
005 - DATE AND TIME OF LATEST TRANSACTION
control field 20251108174645.0
008 - FIXED-LENGTH DATA ELEMENTS--GENERAL INFORMATION
fixed length control field 250721s2006 xx 000 0 ara d
020 ## - INTERNATIONAL STANDARD BOOK NUMBER
International Standard Book Number 9772709678
082 14 - DEWEY DECIMAL CLASSIFICATION NUMBER
Classification number م/025.32/قوا
100 1# - MAIN ENTRY--PERSONAL NAME
Personal name عبد الهادي، محمد فتحي
Relator term مترجم
245 10 - TITLE STATEMENT
Title قواعد الفهرسة الأنجلو - أمريكية /
250 ## - EDITION STATEMENT
Edition statement ط.2.
264 1# - PRODUCTION, PUBLICATION, DISTRIBUTION, MANUFACTURE, AND COPYRIGHT NOTICE
Place of production, publication, distribution, manufacture القاهرة :
Name of producer, publisher, distributor, manufacturer الدار المصرية اللبنانية،
Date of production, publication, distribution, manufacture, or copyright notice 2006.
300 ## - PHYSICAL DESCRIPTION
Extent 2.مج
650 17 - SUBJECT ADDED ENTRY--TOPICAL TERM
Topical term or geographic name as entry element قواعد الفهرسه الانجلو اميركيه
700 1# - ADDED ENTRY--PERSONAL NAME
Personal name جمعة، نبيلة خليفة
Relator term مترجم
700 1# - ADDED ENTRY--PERSONAL NAME
Personal name زايد، يسرية عبد الحليم
Relator term مترجم
942 ## - ADDED ENTRY ELEMENTS (KOHA)
Source of classification or shelving scheme Dewey Decimal Classification
Koha item type مراجع
المقتنيات
حالة السحب حالة الفقدان مصدر التصنيف حالة التلف غير قابل للإعارة المكتبة الرئيسية المكتبة الحالية موقع الرف تاريخ التزويد الرقم المتسلسل Total Checkouts رقم الإستدعاء الباركود تاريخ آخر ظهور تاريخ الفاتورة نوع المادة (كوها)
    Dewey Decimal Classification   Not For Loan المكتبة المركزية المكتبة المركزية مراجع 28/07/2025 1240910   م/025.32/قوا PLD00047756 28/07/2025 28/07/2025 مراجع
    Dewey Decimal Classification   Not For Loan المكتبة المركزية المكتبة المركزية مراجع 01/11/2008 1240915   م/025.32/قوا PLD00047813 28/07/2025 01/11/2008 مراجع
    Dewey Decimal Classification   Not For Loan مكتبة حمزة العامة مكتبة حمزة العامة مراجع 01/11/2008 1240913   م/025.32/قوا PLD00047811 28/07/2025 01/11/2008 مراجع
    Dewey Decimal Classification   Not For Loan مكتبة حمزة العامة مكتبة حمزة العامة مراجع 01/11/2008 1240918   م/025.32/قوا PLD00047816 28/07/2025 01/11/2008 مراجع
    Dewey Decimal Classification   Not For Loan مكتبة حمزة العامة مكتبة حمزة العامة مراجع 21/05/2015 [1837].   م/025.32/قوا PLD00325680 28/07/2025 21/05/2015 مراجع
    Dewey Decimal Classification   Not For Loan مكتبة حمزة العامة مكتبة حمزة العامة مراجع 26/05/2015 [2220].   م/025.32/قوا PLD00326112 28/07/2025 26/05/2015 مراجع
Implemented & Customized by: BBB with SCIT (Smart Chains for Information Technology)

Powered by Koha